El pueblo latinoamericano : ¿sujeto de su historia? /

Revisión de los razgos fundamentales que identifican entre sí a los pueblos latinoamericanos y hacen que sus problemas sean tan similares. Para ello, la autora reflexiona sobre la filosofía histórica y política de Simón Bolívar como base de un proyecto de unificación latinoamericana.

Kaydedildi:
Detaylı Bibliyografya
Yazar: Escudero Durán, Lorena (autor)
Materyal Türü: Kitap
Dil:İspanyolca
Baskı/Yayın Bilgisi: México : Unión de Universidades de América Latina, 1998, c1998
Seri Bilgileri:(Idea Latinoamericana ; 2)
Konular:
Etiketler: Etiketle
Etiket eklenmemiş, İlk siz ekleyin!

MARC

LEADER 00000nam^a2200000^a^4500
001 000110277
005 20250521000000.0
009 20260310093750.684
020 |a 968-6802-13-4 
037 |a Acervo ITESO - Biblioteca 
041 |a ESP 
082 |a 320. 980  |b ESC 
100 |a Escudero Durán, Lorena  |e (autor) 
245 1 3 |a El pueblo latinoamericano :  |b ¿sujeto de su historia? /  |c L. Escudero Durán ; presen. de Abelardo VIllegas. 
264 4 |a México :  |b Unión de Universidades de América Latina,  |c 1998, c1998 
300 |a 123 p. 
336 |a texto  |b txt  |2 rdacontenido 
337 |a sin mediación  |b n  |2 rdamedio 
338 |a volumen  |b nc  |2 rdasoporte 
440 1 |a (Idea Latinoamericana ;  |v 2) 
520 |a Revisión de los razgos fundamentales que identifican entre sí a los pueblos latinoamericanos y hacen que sus problemas sean tan similares. Para ello, la autora reflexiona sobre la filosofía histórica y política de Simón Bolívar como base de un proyecto de unificación latinoamericana. 
649 |a XX 
650 |a Identidad Cultural -  |z Latinoamérica 
650 |a Latinoamérica -  |x Condiciones Sociales y Culturales 
650 |a Latinoamérica -  |x Condiciones Políticas 
650 |a Latinoamérica -  |x Historia 
650 |a Bolivarismo 
650 |a América -  |x Historia -  |y Guerras de Independencia 
650 |a Política -  |z América -  |x Historia -  |y Guerras de Independencia 
910 |a Fondo General 
920 |a Impresos - Libros 
930 |a Colección General 
905 |a 101 
901 |a 0500046658  |b IT1  |c ACC  |u 20250521 
902 |a https://opac.biblio.iteso.mx/vufind/Record/000110277